LIBRARY & INFORMATION CENTRE, KCAET, TAVANUR

ONLINE PUBLIC ACCESS CATALOGUE (OPAC)

Fundamentals of soil science / (Record no. 3197)

MARC details
000 -LEADER
fixed length control field 00949cam a2200181ua 4500
020 ## - INTERNATIONAL STANDARD BOOK NUMBER
ISBN 81 901470 0 5
041 ## - LANGUAGE CODE
Language code of text/sound track or separate title eng
082 ## - DEWEY DECIMAL CLASSIFICATION NUMBER
Classification number 631.4
Item number FOT/FU
100 ## - MAIN ENTRY--AUTHOR NAME
Personal name Foth, Henry D .
245 ## - TITLE STATEMENT
Title Fundamentals of soil science /
250 ## - EDITION STATEMENT
Edition statement 1 /
260 ## - PUBLICATION, DISTRIBUTION, ETC. (IMPRINT)
Place of publication :
Name of publisher John Wiley & Sons ,
Year of publication 2002.
300 ## - PHYSICAL DESCRIPTION
Number of Pages 435 ; .
942 ## - ADDED ENTRY ELEMENTS (KOHA)
Koha item type Books
Holdings
Withdrawn status Lost status Damaged status Home library Current library Date acquired Full call number Accession Number Koha item type
      KAUAET KAUAET 07/04/2012 631.4 14648 Books
free website counter